000 00659nam a2200229Ia 4500
003 OSt
005 20220923214910.0
006 a|||||r|||| 00| 0
007 ta
008 220922b |||||||| |||| 00| 0 hin d
024 _a173,590
037 _cTextual
040 _aARTS
_cARTS
_bhin
041 _2hin
_ahin
082 _aO152:6M48;1, J6
100 _aभट्ट, बालकृष्ण
_9156272
245 0 _aसौ अजान और एक सुजान
246 _aSau ajān aur ek sujāna
260 _c1956
942 _hO152:6M48;1, J6
_cTEXL
_2CC
999 _c327480
_d327480